000 009630000a22002290004500
020 _a958-625-233-7
041 0 _aSPA
082 0 4 _aG 269.2 C526c
100 1 _aCheuiche, Antonio Do Carmo
245 1 0 _aCultura y Evangelización / Antonio Do Carmo Cheuiche
260 _aBogotá / Consejo Episcopal Latinoamericano (CELAM)
300 _a237 p.
440 0 _aColección Autores
501 _arústico
505 0 0 _aObras y artículos de Dom Antonio Do Carmo Cheuiche recogidas en este libro - Apuntes sobre cultura - Relaciones entre religión y cultura - Evangelización de la cultura e Inculturación del evangelio - La inculturación del evangelio en América Latina - Desafíos y programas prioritarios - Suplementos
650 1 4 _aEVANGELIZACION \ ACULTURACION - EVANGELIZACION \ TEOLOGIA SOCIAL
001 18223
942 _cBK
999 _c44692
_d44692
336 _atexto
_btxt
_2rdacontent
337 _2rdamedia
_asin mediación
_bn
338 _2rdacarrier
_avolumen
_bnc